000 00821nam a2200229Ii 4500
003 JO-AjNU
008 230605s9999||||xx |||||||||||||| ||und||
017 _a2000/3/844
020 _a9957-07-017-7
040 _aJO-AjNU
_bara
_erda
_cJO-AjNU
041 _aara
050 1 4 _aGV953.5.M3969 2000
100 3 _aتاليف المولى، موفق مجيد,
_eauthor
_942521
245 0 0 _aالأساليب الحديثة في تدريب كرة القدم
250 _aط1
264 3 1 _aعمان: دار الفكرللطباعة والنشر والتوزيع،2000
300 _a407ص
_bيشتمل على جداول وصور توضيحية
336 _atext
_btxt
_2rdacontent
337 _aunmediated
_bn
_2rdamedia
338 _avolume
_bnc
_2rdacarrier
650 4 _aكرة القدم - طرق التعليم
_942522
999 _aA18213
_c21781
_d21781